Singers with Most Top 10 Hits - Statistics

General Stats
  • This quiz has been taken 129 times
  • The average score is 6 of 13
Answer Stats
# Artist % Correct
38 Madonna
73%
29 Michael Jackson
71%
36 Elvis Presley
59%
34 The Beatles
54%
31 Rihanna
53%
27 Janet Jackson
51%
23 Whitney Houston
48%
28 Mariah Carey
43%
27 Elton John
37%
23 The Rolling Stones
33%
28 Stevie Wonder
20%
23 Drake
19%
23 Paul McCartney
19%
No matching quizzes found
Score Distribution
Percent of People with Each Score
Percentile by Number Answered
Your Score History
You have not taken this quiz